00457 2200169 4500001002100000008004100021035002000062245005200082100001800134260004400152300001300196020001900209084001400228082000800242650001800250990001900268INLIS000000000001517 ind  a0010-0724001517 aAlice's Adventures In WonderlandcLewis Carroll aLewis Carroll aJakarta :bGramedia Pustaka Utamac2018 a122 hlm. a9786020387871. a823 LEW a a823 aFiksi Inggris aP29/CP/24/1517